| 000 | 01176nam a22003017a 4500 | ||
|---|---|---|---|
| 001 | 5260 | ||
| 003 | FISKH | ||
| 005 | 20241121144401.0 | ||
| 008 | 241121b cb ||||| |||| 00| 0 eng d | ||
| 020 | _a0195854535 | ||
| 040 |
_aFISKH _beng _cFISKH _dFISKH |
||
| 050 | _aPE1128 | ||
| 082 | _a428.6 | ||
| 100 | _aDickens, Charles | ||
| 245 |
_aGreat Expectations / _cby Charles Dickens |
||
| 250 | _aFirst published 1993 | ||
| 260 |
_aNew York : _bOxford Unversity Press ; _c1993 . |
||
| 300 |
_a89 pages : _bcolor illustrations ; _c21 cm . |
||
| 490 |
_aOxford Progressice English Readers _vStage 3 |
||
| 505 | _aZ | ||
| 520 | _aThis popular series of readers has now been completely revised and updated, using a new syllabus and new word structure lists. Readability has been ensured by means of specially designed computer software. Words that are above level but essential to the story are explained within the text,ilustrated, and then reused for maximum reinforcement. | ||
| 521 | 8 |
_a1150
_bLexile |
|
| 521 | 8 |
_aZ
_bRaz-Plus |
|
| 650 |
_a19 th century _vfiction |
||
| 700 |
_aChan, K.Y . _eillustrator |
||
| 942 |
_2ddc _cBK _n0 |
||
| 999 |
_c5260 _d5260 |
||